Giáo trình phân tích chất lượng môi trường

Nội dung tài liệu trình bày một số kiến thức cơ bản về chỉ thị môi trường và tiêu chuẩn đánh giá chất lượng môi trường, các phương pháp phân tích các thông số chất lượng môi trường, xử lý mẫu, đảm bảo chất lượng và kiểm soát...

全面介紹

Đã lưu trong:
書目詳細資料
主要作者: Huỳnh Trung Hải (Chủ biên)
其他作者: Văn Diệu Anh
格式: 圖書
語言:Vietnamese
出版: Hà Nội Bách khoa Hà Nội 2016
叢編:Tủ sách Ngành Khoa học và Công nghệ môi trường
主題:
標簽: 添加標簽
沒有標簽, 成為第一個標記此記錄!
Thư viện lưu trữ: Thư viện Trường Đại học Nam Cần Thơ
LEADER 01724nam a22002417a 4500
001 NCT_425
008 170927b xxu||||| |||| 00| 0 vie d
999 |c 21  |d 21 
020 |a 9786049388590  |c 95000 
082 0 4 |2 23rd ed.  |a 363.7  |b H103 
100 1 |a Huỳnh Trung Hải  |e Chủ biên 
245 1 0 |a Giáo trình phân tích chất lượng môi trường   |c Huỳnh Trung Hải (chủ biên), Văn Diệu Anh 
260 |a Hà Nội  |b Bách khoa Hà Nội  |c 2016 
300 |a 316 tr.  |b hình vẽ, bảng  |c 24 cm 
490 0 |a Tủ sách Ngành Khoa học và Công nghệ môi trường 
520 3 |a Nội dung tài liệu trình bày một số kiến thức cơ bản về chỉ thị môi trường và tiêu chuẩn đánh giá chất lượng môi trường, các phương pháp phân tích các thông số chất lượng môi trường, xử lý mẫu, đảm bảo chất lượng và kiểm soát chất lượng, phân tích các thông số chất lượng môi trường 
655 |a Giáo trình 
700 1 |a Văn Diệu Anh 
942 |2 ddc  |c BK 
952 |0 0  |1 0  |2 ddc  |4 0  |6 363_700000000000000_H103  |7 0  |9 60  |a 000001  |b 000001  |d 2017-09-30  |l 2  |o 363.7 H103  |p MD.00262  |r 2020-07-01  |s 2020-06-12  |v 95000.00  |w 2017-09-30  |y BK 
952 |0 0  |1 0  |2 ddc  |4 0  |6 363_700000000000000_H103  |7 0  |9 61  |a 000001  |b 000001  |d 2017-09-30  |l 1  |o 363.7 H103  |p MD.00263  |r 2019-06-21  |s 2019-06-08  |v 95000.00  |w 2017-09-30  |y BK 
952 |0 0  |1 0  |2 ddc  |4 0  |6 363_700000000000000_H103  |7 0  |9 62  |a 000001  |b 000001  |d 2017-09-30  |o 363.7 H103  |p MD.00264  |r 2017-09-30  |v 95000.00  |w 2017-09-30  |y BK 
980 |a Thư viện Trường Đại học Nam Cần Thơ